000 00607cam a22002053a 4500
001 42827
003 PGUSA
005 20140828083955.0
008 130528s2013||||xxu|||||s|||||000 | eng d
040 _aPGUSA
_beng
042 _adc
100 1 _aSeton, Ernest Thompson,
_d1860-1946
245 1 0 _aBannertail :
_bThe Story of a Graysquirrel
_h[electronic resource] /
_cErnest Thompson Seton
260 _bProject Gutenberg,
_c2013
506 _aPublic domain in the USA.
516 _aElectronic text
830 0 _aProject Gutenberg
_v42827
856 4 0 _uhttp://www.gutenberg.org/ebooks/42827
942 _cEB
999 _c272079
_d272079